EMOTIONAL INTELLIGENCE ASPIRATION AND ACADEMIC ACHIEVEMENT (Record no. 33507)
[ view plain ]
| 000 -LEADER | |
|---|---|
| fixed length control field | 00326nam a22001337a 4500 |
| 003 - CONTROL NUMBER IDENTIFIER | |
| control field | SGT |
| 020 ## - INTERNATIONAL STANDARD BOOK NUMBER | |
| International Standard Book Number | 9788196155964 |
| 082 ## - DEWEY DECIMAL CLASSIFICATION NUMBER | |
| Classification number | 370.15,SEE |
| 100 ## - MAIN ENTRY--PERSONAL NAME | |
| Personal name | SEENIVASAN,C. |
| 245 ## - TITLE STATEMENT | |
| Title | EMOTIONAL INTELLIGENCE ASPIRATION AND ACADEMIC ACHIEVEMENT |
| 260 ## - PUBLICATION, DISTRIBUTION, ETC. (IMPRINT) | |
| Place of publication, distribution, etc | JAIPUR |
| Name of publisher, distributor, etc | POINTER PUBLISHARS |
| Year of Publication | 2023 |
| 300 ## - PAGE DESCRIPTION | |
| No. of Pages | 150 |
| 942 ## - ADDED ENTRY ELEMENTS (KOHA) | |
| Source of classification or shelving scheme | Dewey Decimal Classification |
| Koha item type | Books |
| Withdrawn status | Lost status | Source of classification or shelving scheme | Damaged status | Use restrictions | Not for loan | Collection code | Home library | Current library | Shelving location | Date acquired | Vendor Name | Cost, normal purchase price | SGTU | Bill Number | Full call number | Accession No. (Barcode) | Date last seen | Bill Date | Koha item type |
|---|---|---|---|---|---|---|---|---|---|---|---|---|---|---|---|---|---|---|---|
| Dewey Decimal Classification | Restricted Access | Not For Loan | EDUCATION | SGT Engineering Library | SGT Engineering Library | Reference Book | 23/01/2026 | BRIJWASI BOOK DISTRIBUTORS | 995.00 | SGTU | IN/BW/000380 | 370.15,SEE | ED5471 | 23/01/2026 | 20/12/2025 | Books | |||
| Dewey Decimal Classification | EDUCATION | SGT Engineering Library | SGT Engineering Library | Text Book | 23/01/2026 | BRIJWASI BOOK DISTRIBUTORS | 995.00 | SGTU | IN/BW/000380 | 370.15,SEE | ED5472 | 23/01/2026 | 20/12/2025 | Books |